=LDR 00000nam 2200000 4500 =001 INLIS000000000020098 =005 20130612115102 =008 ***********************************Ind** =035 ##$$0010-061300000020098 =041 ##$$a Ind =082 ##$$a 347.03 =090 ##$$a 347.03, Mar p =100 ##$$a Marpaung, Leden =245 ##$$a Perumusan memori kasasi dan peninjauan kembali perkara pidana, oleh Dr. Leden Marpaung, SH =260 ##$$a 2004 $b Jakarta =300 ##$$a viii, 256 hlm, 21 cm =650 ##$$a Kasasi-Hukum =850 ##$$a NBPNMAT